<?xml version="1.0" encoding="UTF-8"?>
<collection xmlns:xsi="http://www.w3.org/2001/XMLSchema-instance" xsi:schemaLocation="http://www.loc.gov/MARC21/slim http://www.loc.gov/standards/marcxml/schema/MARC21slim.xsd" xmlns="http://www.loc.gov/MARC21/slim">
 <record>
  <leader>00000caa a22000003a 4500</leader>
  <controlfield tag="001">UP-8027390931312542428</controlfield>
  <controlfield tag="003">Buklod</controlfield>
  <controlfield tag="005">20200928103611.0</controlfield>
  <controlfield tag="006">o--- |     ||   ||</controlfield>
  <controlfield tag="007">ta</controlfield>
  <controlfield tag="008">200928s        xx     d     r    |||| u|</controlfield>
  <datafield tag="022" ind1=" " ind2=" ">
   <subfield code="a">0033-2909</subfield>
  </datafield>
  <datafield tag="035" ind1=" " ind2=" ">
   <subfield code="a">(iLib)UPCEB-00011985246</subfield>
  </datafield>
  <datafield tag="040" ind1=" " ind2=" ">
   <subfield code="a">Emz</subfield>
  </datafield>
  <datafield tag="100" ind1="1" ind2=" ">
   <subfield code="a">Watkins, W. E.</subfield>
  </datafield>
  <datafield tag="245" ind1="0" ind2="4">
   <subfield code="a">&quot;Stupidity or worms&quot;</subfield>
   <subfield code="b">Do intestinal worms impair mental performance?   [article].</subfield>
  </datafield>
  <datafield tag="300" ind1=" " ind2=" ">
   <subfield code="a">pp. 171-191</subfield>
  </datafield>
  <datafield tag="520" ind1=" " ind2=" ">
   <subfield code="a">The title of a 1930s article asked the question, &quot;Stupidity or Hookworm?&quot; In this article, the authors discuss research that attempts to answer the question of whether intestinal worms?namely, hookworm, whipworm, and roundworm?harm the mental performance of their hosts. After introducing the biology and epidemiology of intestinal worms, the authors present the historical background to the problem. They review research from the 1910s through the 1990s; there is evidence that high intensities of worms can affect mental performance, but not all dewormed children show improved performance. They discuss the mechanisms of how worms might affect the mind.  -- (from the author)</subfield>
  </datafield>
  <datafield tag="773" ind1="0" ind2=" ">
   <subfield code="a">Psychological Bulletin.</subfield>
   <subfield code="g">vol. 121, 2 (1997).</subfield>
  </datafield>
  <datafield tag="773" ind1="0" ind2=" ">
   <subfield code="a">https://doi.org/10.1037/0033-2909.121.2.171.</subfield>
  </datafield>
  <datafield tag="942" ind1=" " ind2=" ">
   <subfield code="a">Analytics</subfield>
  </datafield>
 </record>
</collection>
